Internet Ak Kalpwruksha (Record no. 684026)

MARC details
000 -LEADER
fixed length control field 00255nam a2200109Ia 4500
008 - FIXED-LENGTH DATA ELEMENTS--GENERAL INFORMATION
fixed length control field 230627s9999 xx 000 0 und d
041 ## - LANGUAGE CODE
Language code of text/sound track or separate title mar
082 ## - DEWEY DECIMAL CLASSIFICATION NUMBER
Classification number 1.64
Item number APA
100 ## - MAIN ENTRY--PERSONAL NAME
Personal name Apate, M
245 ## - TITLE STATEMENT
Title Internet Ak Kalpwruksha
260 ## - PUBLICATION, DISTRIBUTION, ETC.
Name of publisher, distributor, etc. Rajhuns Pub
Date of publication, distribution, etc. 1997
Holdings
Withdrawn status Lost status Damaged status Not for loan Collection Home library Current library Date acquired Cost, normal purchase price Total Checkouts Full call number Barcode Date last seen Price effective from Koha item type
Withdrawn       NLP LL.B New Law College, Pune New Law College, Pune 31/03/1998 50.00   1.64 APA NLP-N03381 17/07/2023 17/07/2023 Book